| 000 | 00622nam a2200169 a 4500 | ||
|---|---|---|---|
| 001 | 000041608 | ||
| 005 | 20201002035650.0 | ||
| 008 | 131014s1984 sp ab 000 0 spa d | ||
| 020 | _a8400055985 | ||
| 040 |
_aDO-SdBNP _bspa _cBNPHU |
||
| 082 |
_axxx _bP474e |
||
| 100 | 1 |
_aPeset, José Luis _967622 |
|
| 245 | 1 | 0 |
_aEnfermedad y Castigo / _ctrabajos coordinados por José Luis Peset. |
| 260 |
_aMadrid : _bConsejo Superior de Investigaciones Científicas, _bInstituto Arnau de Vilanova, _c1984. |
||
| 300 |
_axlv, 411 p. : _bil., mapas ; _c24 cm. |
||
| 500 | _aIncluye referncias bibliográficas y notas al pie de las páginas. | ||
| 999 |
_c41098 _d41098 |
||